000 00992cad a22002175a 4500
001 E149502
008 100310s2009 xxk f 000 0 eng d
020 _a9781853975882
035 _a(Sirsi) u149502
041 0 _aeng
110 2 _aScottish Natural Heritage
_92794
245 0 0 _aClimate change and the natural heritage
_bSNH's approach and action plan
_h[electronic resource]
260 _aRedgorton
_bSNH
_c2009
520 _aOutlines how SNH will deal with climate change in terms of mitigating its effects and assisting society and nature to adapt to its effects. Also includes a Climate Change Action Plan, which gives a more detailed overview of SNH's plans over the next five years.
521 _aAdvanced
590 _aKA
651 4 _aScotland
_y1999-
690 _aENVIRONMENTAL AND LAND CONSULTANCY-SUSTAINABILITY
856 4 0 _uhttps://www.snh.org.uk/pdfs/publications/corporate/ClimateChange.pdf
_zView the report free of charge (PDF file) at www.snh.org.uk
942 _n0
999 _c110518
_d110518